Personnages Dragon Ball/ Z/ S - Statistiques

Statistiques générales
  • Ce quiz a été pris 1 206 fois
  • Le résultat moyen est 48 sur 65
Statistiques - réponses
Hint Réponse % Correct
Personnage Principal Goku
100%
Son principal rival Vegeta
100%
Sa femme Bulma
99%
Son Fils Ainé Gohan
99%
Sa femme Chichi
98%
Son autre fils Goten
98%
Son fils Trunks
98%
Meilleur ami du héros Krilin
96%
Chien de celui-ci Bee
94%
Frère jumeau de celle-ci C17
94%
Cyborg Féminin, femme d'un Guerrier Z C18
94%
Son Père Bardock
93%
Dieu de la destruction Beerus
93%
Troisième cyborg considéré comme un échec C16
92%
Ennemi ayant besoin de cyborgs pour être "parfait" Cell
92%
Frère du heros Raditz
92%
Ennemi vaincu sur Namek par le héros Freezer
91%
Namek Guerrier Z Piccolo
91%
Guerrier Z faible Yamcha
90%
Saiyan Chauve Nappa
89%
Champion d'arts martiaux Satan
89%
Animal résidant à KameHouse Tortue
89%
Démon Rose qui tue pour s'amuser Boo
87%
Sa fille Videl
86%
La fille de celle-ci Pan
85%
Créateur des cyborgs Gero
83%
Chef du commando ginyu Ginyu
83%
L'autre fusion des ces deux personnages Gogeta
83%
Guerrier Z à 3 yeux Tenshinhan
83%
Fusion entre les deux enfants Gotenks
82%
Maître se trouvant à la fin de la voie du serpent Kaïo
82%
Saiyan Légendaire Broly
81%
Son meilleur ami Chaozu
81%
Sa fille Bra
79%
Son fils Babidi
76%
Cyborg plutôt gros qui apparait avec C20 C19
76%
Namek qui remplace celui-ci Dende
72%
Divinité chat Karin
68%
Roi des démons Dabla
66%
Son "animal de compagnie" Puerh
66%
Frère du 1er gros ennemi de DBZ Cooler
65%
Namek qui fusionne avec celui-ci Nail
65%
Dernier Roi de la planète "Vegeta" Roi Vegeta
64%
Humain avec celui-ci Yajirobe
64%
Fille du cyborg féminin Maron
63%
Le petit de ce groupe Gourdh
62%
Créateur du démon rose Bibidi
60%
Cochon vivant à KameHouse Oolong
60%
Alien Rouge de ce groupe Jeese
58%
Alien Rapide appartenant à ce groupe Butta
57%
Cyborg apparaissant dans "Dragon ball fighterz" C21
57%
Celui à "tête d'ananas" selon Gohan Reacum
55%
Fille qui se transforme quand elle éternue Lunch
53%
Père du 1er grand ennemi de DBZ Roi Cold
50%
1er Namek au palais céleste Dieu
48%
Fusion potala entre les deux rivaux Vegetto
48%
Le père de celui-ci Paragus
45%
Acolyte de celui-ci pouvant se transformer Zabon
44%
L'autre acolyte qui est rose Dodoria
43%
Grand père du héros Sangohan
43%
Vieux pervers habitant à KameHouse KameSennin
37%
Son singe Bubbles
31%
Son "insecte" Gregory
30%
Père de l'amie scientifique du Héros Brief
28%
Créature qui apparait sous forme de graine Saibaiman
25%
Aucun quiz correspondant
Distribution des résultats
% des personnes avec chaque résultat
Percentile par nombre de réponses
Votre historique - résultats
Vous n’avez pas pris ce quiz